000 01754nam a2200289 i 4500
001 44787
003 ES-MaACL
005 20250806053931.0
007 t|
008 030324m19591967sp adfo |||| | spa d
080 _a616(02)
245 0 3 _aLa clínica del presente
_b: un tratado siempre actual de medicina práctica /
_cdirigido por Rudolf Cobet, Kurt Gutzeit, Hans Erhard Bock ; con más de doscientos colaboradores ; [traducciones... del alemán por los doctores J. Morales Belda, F. Ruiz Torres ... (et al.)].
250 _a1ª ed. española.
260 _aMadrid :
_bAlhambra,
_c1959-1963.
300 _a10 v. (h. de lám. col.) :
_bil., fot., gráf. ;
_c27 cm.
505 8 _aContiene: t. I-II (con 143 fig. y 2 lám.; con 188 fig. y 8 lám. col.) + Índice de materias de los t. I y II - t. III (con 88 fig. y 8 lám. col.) + Índice... t. I a III - t. IV (con 106 fig. y 5 lám. col.) + Índice... t. I a IV - t. V (con 149 fig. y 6 lám. col.) + Índice... t. I a V - t. VI (con 169 fig. y 3 lám. col.) + Índice... t. I a t. VI - t. VII (con 86 fig. y 6 lám. col.) + Índice de materias del t. VII - t. VIII (con 210 fig. y 7 lám. col.) + Índice... t. VIII - t. IX (con 219 fig. y 7 lám. col.) + Índice... t. IX - t. X (con 142 fig. y 15 lám. col.) + Índice de materias del t. X
525 _aSuplementos intercalados en diversos v.
650 0 4 _aPatología.
_915884
650 0 7 _aMedicina clínica
_2embne
_914921
700 1 _aCobet, Rudolf.
_939341
700 1 _aGutzeit, Kurt.
_9161470
700 1 _aBock, Hans Erhard.
_929676
700 1 _aMorales Belda, J. .
_9161471
700 1 _aRuiz Torres, Francisco.
_9100938
852 _aES-MaACL
_jL-31133-42
_z- enc. cart. (troquelada)
999 _c44787
_d44787